| 000 | 00802nam a2200277 i 4500 | ||
|---|---|---|---|
| 001 | bg | ||
| 100 | 1 | _aGębarowski, Marcin | |
| 245 | 1 | 0 |
_aNowoczesne formy promocji / _cMarcin Gębarowski. |
| 260 |
_aRzeszów : _bOficyna Wydawnicza Politechniki Rzeszowskiej, _c2007. |
||
| 300 |
_a203 s. : _bil. ; _c24 cm. |
||
| 504 | _aBibliogr. s. 185-191. | ||
| 650 | 9 | _aMarketing | |
| 650 | 9 | _aReklama | |
| 650 | 9 | _aPromocja handlowa | |
| 655 | _aPodręczniki akademickie | ||
| 015 | _aPB 3893/2008 | ||
| 020 | _a9788371994456 | ||
| 040 | _cBPK | ||
| 041 | 0 | _apol | |
| 044 | _aPOL | ||
| 080 | _a339.138:658.82:659.1](075.8) | ||
| 920 | _a978-83-7199-445-6 | ||
| 942 | _cKS | ||
| 008 | 080326s2007 pl a f f |000 0 pol | ||
| 999 |
_c54386 _d54386 |
||
| 856 |
_uhttp://koha.tu.koszalin.pl/cgi-bin/koha/opac-detail.pl?biblionumber=54386 _yKatalog online BPK |
||